000 00776nam a2200253Ia 4500
003 OSt
005 20220918165833.0
006 a|||||r|||| 00| 0
007 ta
008 220917b |||||||| |||| 00| 0 eng d
020 _a8173917515 (hbk)
_c500
024 _a245,994
037 _b01511, 21/02/2011, Kanishka Publishers Distributors
_cTextual
040 _aARTS
_cARTS
_beng
041 _2eng
_aeng
082 _aT,b, P5
100 _aPrasad Janardan
_925734
245 0 _aEducation and the teacher
260 _aDelhi
_bKanishka Publishers, Distributors India
_c2005
300 _ax, 241p.
_ccm.
650 _aEDUCATION
942 _hT,b, P5
_cTEXL
_2CC
999 _c131311
_d131311